书目信息 |
| 题名: |
唐诗三百首
|
|
| 作者: | 蘅塘退士 著 | |
| 分册: | ||
| 出版信息: | 武汉 湖北人民出版社 1993.08 |
|
| 页数: | 174页 | |
| 开本: | 32开 | |
| 丛书名: | ||
| 单 册: | ||
| 中图分类: | I222.7 | |
| 科图分类: | ||
| 主题词: | 诗歌--中国 , 韵文--中国 | |
| 电子资源: | ||
| ISBN: | 7-216-01228-3 | |
| 000 | 00583nam0 2200205 45 | |
| 001 | 00110418 4 | |
| 005 | 20001104181733.8 | |
| 010 | @a7-216-01228-3@d6.80元 | |
| 100 | @a20001104d1993 km y0chiy0120 ea | |
| 101 | 0 | @achi |
| 105 | @a z 000yy | |
| 200 | 1 | @a唐诗三百首@ATang Shi San Bai Shou@f(清)蘅塘退士著@F(Qing)Heng Tang Tui Shi Zhu |
| 210 | @a武汉@c湖北人民出版社@d1993.08 | |
| 215 | @a174页@d32开 | |
| 606 | 0 | @a诗歌@x中国 |
| 606 | 0 | @a韵文@x中国 |
| 690 | @aI222.7@v3 | |
| 701 | 0 | @a蘅塘退士@4著 |
| 801 | @aCN@bPftUser@c20001104 | |
| 905 | @b197449-453@dI222.7@eH848@f5 | |
| 唐诗三百首/(清)蘅塘退士著.-武汉:湖北人民出版社,1993.08 |
| 174页;32开 |
| ISBN 7-216-01228-3:6.80元 |
| ● |
| 相关链接 |
|
|
|
正题名:唐诗三百首
索取号:I222.7/H848
 
预约/预借
| 序号 | 登录号 | 条形码 | 馆藏地/架位号 | 状态 | 备注 |
| 1 | 197448 | 201974480 | 文学库108/108文学库 17排1列5层/ [索取号:I222.7/H848] | 在馆 | |
| 2 | 197449 | 201974499 | 文学库108/108文学库 12排8列2层/ [索取号:I222.7/H848] | 在馆 | |
| 3 | 197450 | 201974505 | 文学库108/108文学库 16排3列5层/ [索取号:I222.7/H848] | 在馆 | |
| 4 | 197451 | 201974514 | 社科二线400B/400B社科库 14排4列1层/ [索取号:I222.7/H848] | 在馆 |